| 000 | 00334nam a22001337a 4500 | ||
|---|---|---|---|
| 020 | _a9781408127483 | ||
| 040 | _cNUST | ||
| 082 | _a646 SLE | ||
| 100 |
_aSleigh-Johnson, Ruth _988793 |
||
| 245 | _aPractical Sewing Techniques | ||
| 260 |
_aLONDON: _bA And C Black Publishing, _c2011. |
||
| 650 |
_aSewing. _988794 |
||
| 942 |
_2ddc _cBK |
||
| 999 |
_c587630 _d587630 |
||